Moderné riadiace systémy a pohony výrobných strojov seminár

Enregistré dans:
Détails bibliographiques
Format: Livre
Langue:slovaque
Publié: Bratislava Dom techniky ČSVTS 1983
Tags: Ajouter un tag
Pas de tags, Soyez le premier à ajouter un tag!

MARC

LEADER 00000nam a2200000 4500
001 c133713
005 20041019155259.0
041 0 |a slo 
044 |a SK 
245 1 0 |a Moderné riadiace systémy a pohony výrobných strojov  |b seminár 
264 1 |a Bratislava  |b Dom techniky ČSVTS  |c 1983 
300 |a 93 s.